Význam ontológií v súčasnej umelej inteligencii bakalárska práca

Guardado en:
Detalles Bibliográficos
Autor principal: Slanina, Martin
Autor Corporativo: Fakulta hospodárskej informatiky EU. Katedra aplikovanej informatiky
Otros Autores: Rakovská, Eva, 1963-
Formato: Libro
Lenguaje:eslovaco
Publicado: Bratislava 2025
Etiquetas: Agregar Etiqueta
Sin Etiquetas, Sea el primero en etiquetar este registro!

MARC

LEADER 00000nbm a2200000 4500
001 0312292
005 20251120142437.1
041 0 |a slo 
044 |a SK 
245 1 0 |a Význam ontológií v súčasnej umelej inteligencii  |b bakalárska práca  |c Martin Slanina ; školiteľ: Eva Rakovská 
264 1 |a Bratislava  |c 2025 
300 |a 48 s. 
100 1 |a Slanina, Martin 
700 1 |a Rakovská, Eva, 1963- 
710 2 |a Fakulta hospodárskej informatiky EU. Katedra aplikovanej informatiky